Normal view
MARC view
- SHEBEER BASHEER
Entry Personal Name
001 - CONTROL NUMBER
- control field: 119061
003 - CONTROL NUMBER IDENTIFIER
- control field: OSt
005 - DATE AND TIME OF LATEST TRANSACTION
- control field: 20230131153437.0
008 - FIXED-LENGTH DATA ELEMENTS
- fixed length control field: 230131|| aca||aabn | a|a d
040 ## - CATALOGING SOURCE
- Original cataloging agency: OSt
- Transcribing agency: OSt
100 ## - HEADING--PERSONAL NAME
- Personal name: SHEBEER BASHEER
670 ## - SOURCE DATA FOUND
- Source citation: Work cat.: (OSt)97429: SHEBEER BASHEER, TEXTBOOK OF ADVANCED NURSING PRATICE, 2022